[Event "1st Metropolitan International"]
[Site "Los Angeles"]
[Date "2011.08.17"]
[Round "1"]
[White "Mateer, Amanda"]
[Black "Kiewra, Keaton"]
[Result "0-1"]
[WhiteElo "2096"]
[BlackElo "2351"]
[PlyCount "64"]
[EventDate "2011.08.17"]
[EventType "swiss"]
[EventRounds "9"]
[EventCountry "USA"]
[SourceDate "2011.08.22"]

1. d4 Nf6 2. c4 g6 3. Nc3 Bg7 4. e4 d6 5. f3 O-O 6. Bg5 c5 7. d5 e6 8. Qd2 exd5
9. cxd5 Re8 10. Be2 a6 11. a4 b6 12. Rb1 Ra7 13. g4 h6 14. Be3 Nbd7 15. Nh3 h5
16. Nf2 hxg4 17. f4 Nf8 18. O-O Rae7 19. Rfe1 Nxe4 20. Ncxe4 f5 21. Ng5 Rxe3
22. Ne6 Bxe6 23. Qxe3 Bxd5 24. Qd2 Bd4 25. Bxa6 Qh4 26. Rxe8 g3 27. Kf1 Qxh2
28. Re3 gxf2 29. Qxf2 Qh1+ 30. Qg1 Qxg1+ 31. Kxg1 Bxe3+ 32. Kf1 Bxf4 0-1

[Event "1st Metropolitan International"]
[Site "Los Angeles"]
[Date "2011.08.17"]
[Round "1"]
[White "Matikozyan, Andranik"]
[Black "Arnold, Jeff"]
[Result "1-0"]
[WhiteElo "2451"]
[BlackElo "2206"]
[PlyCount "85"]
[EventDate "2011.08.17"]
[EventType "swiss"]
[EventRounds "9"]
[EventCountry "USA"]
[SourceDate "2011.08.22"]

1. e4 c5 2. Nf3 d6 3. Nc3 Nf6 4. d4 cxd4 5. Nxd4 a6 6. Bc4 e6 7. O-O Nbd7 8.
Re1 Nb6 9. Bb3 Be7 10. f4 Qc7 11. e5 dxe5 12. fxe5 Nfd5 13. Nxd5 Nxd5 14. Qg4
g6 15. Bg5 h5 16. Qh4 Bxg5 17. Qxg5 Qd8 18. Qxd8+ Kxd8 19. Rf1 Ke7 20. Bxd5
exd5 21. Rf6 Be6 22. Raf1 Raf8 23. h4 Rhg8 24. R1f3 Bc8 25. Kf2 g5 26. hxg5 Bg4
27. Rb3 Rb8 28. Rfb6 Kf8 29. Rxb7 Rxb7 30. Rxb7 Rxg5 31. Rb6 Rxe5 32. Rxa6 Re4
33. c3 Rf4+ 34. Kg3 Rf1 35. a4 Kg7 36. a5 f6 37. Rd6 Rb1 38. b4 Rd1 39. Rxd5
Rd3+ 40. Kf4 Rxc3 41. a6 Rc8 42. b5 Ra8 43. b6 1-0

[Event "1st Metropolitan International"]
[Site "Los Angeles"]
[Date "2011.08.17"]
[Round "1"]
[White "Milisits, Ryan"]
[Black "Molner, Mackenzie"]
[Result "0-1"]
[WhiteElo "2203"]
[BlackElo "2447"]
[PlyCount "106"]
[EventDate "2011.08.17"]
[EventType "swiss"]
[EventRounds "9"]
[EventCountry "USA"]
[SourceDate "2011.08.22"]

1. e4 c5 2. c3 Nf6 3. e5 Nd5 4. d4 cxd4 5. Nf3 e6 6. Qxd4 Nc6 7. Qe4 f5 8. Qe2
Qc7 9. g3 b6 10. Bg2 Ncb4 11. c4 Ba6 12. Na3 Rc8 13. b3 Nc3 14. Qe3 Ne4 15. O-O
Bc5 16. Qe2 O-O 17. Bb2 d5 18. exd6 Qxd6 19. Rad1 Qe7 20. Ne5 Nd5 21. Bxe4 fxe4
22. Nc2 Nf6 23. Ne3 Bb7 24. N3g4 Nxg4 25. Qxg4 e3 26. Bd4 Bf3 27. Nxf3 e2 28.
Rde1 exf1=Q+ 29. Kxf1 Qf7 30. Ne5 Qf5 31. Bxc5 Rxc5 32. Qxf5 Rxf5 33. Nd3 Rc6
34. Nf4 Kf7 35. Kg2 Rd6 36. Re3 Rd2 37. Re2 Rxe2 38. Nxe2 a6 39. Nc3 Ke7 40. f4
b5 41. cxb5 Rc5 42. b6 Kd7 43. Ne4 Rc2+ 44. Kf3 Kc6 45. Ng5 Rxa2 46. Nxe6 Rxh2
47. f5 Rb2 48. Kg4 Kxb6 49. Nxg7 Kc7 50. f6 Kd7 51. Nf5 Rxb3 52. Kg5 Rb5 53. g4
Ke6 0-1

[Event "1st Metropolitan International"]
[Site "Los Angeles"]
[Date "2011.08.17"]
[Round "1"]
[White "Morshedi, Ali"]
[Black "Bojkov, Dejan"]
[Result "0-1"]
[WhiteElo "2238"]
[BlackElo "2544"]
[PlyCount "58"]
[EventDate "2011.08.17"]
[EventType "swiss"]
[EventRounds "9"]
[EventCountry "USA"]
[SourceDate "2011.08.22"]

1. e4 e5 2. Nf3 Nc6 3. d4 exd4 4. Nxd4 Nf6 5. Nxc6 bxc6 6. e5 Qe7 7. Qe2 Nd5 8.
c4 Nb6 9. Nc3 Qe6 10. Qe4 g6 11. Bd3 Ba6 12. b3 Bg7 13. f4 O-O 14. O-O d5 15.
Qe1 dxc4 16. Be2 f6 17. Ba3 Rfe8 18. Ne4 Bb5 19. Qh4 cxb3 20. Bg4 Qf7 21. Rf3
Nd5 22. axb3 h6 23. Re1 f5 24. Nf2 fxg4 25. Nxg4 h5 26. Nf2 Ne7 27. Ne4 Nf5 28.
Qh3 Nd4 29. Rf2 Qxb3 0-1

[Event "1st Metropolitan International"]
[Site "Los Angeles"]
[Date "2011.08.17"]
[Round "1"]
[White "Peters, Jack"]
[Black "Brown, Michael W."]
[Result "1-0"]
[WhiteElo "2377"]
[BlackElo "2121"]
[PlyCount "115"]
[EventDate "2011.08.17"]
[EventType "swiss"]
[EventRounds "9"]
[EventCountry "USA"]
[SourceDate "2011.08.22"]

1. e4 e5 2. Nf3 Nc6 3. Bb5 a6 4. Ba4 Nf6 5. O-O Be7 6. Re1 b5 7. Bb3 d6 8. c3
O-O 9. h3 Na5 10. Bc2 c5 11. d4 Qc7 12. Nbd2 cxd4 13. cxd4 Rd8 14. d5 Bd7 15.
Nf1 Rdc8 16. Ne3 Nb7 17. Nh2 Nc5 18. Qf3 b4 19. Nhg4 Nxg4 20. hxg4 Qd8 21. g3
Bg5 22. Kg2 a5 23. Rh1 Qf6 24. Qxf6 Bxf6 25. Nc4 Ra6 26. g5 Be7 27. Be3 Bb5 28.
Nd2 f6 29. gxf6 Bxf6 30. Bd1 Nd3 31. Bg4 Rc7 32. Be6+ Kh8 33. Nf3 Bd7 34. Bxd7
Rxd7 35. b3 Rc7 36. Rhd1 Rc3 37. Nd2 Rc2 38. Nc4 Nb2 39. Rdc1 Rxc1 40. Rxc1
Nxc4 41. Rxc4 Kg8 42. Kf1 Kf7 43. Ke2 Ke7 44. Rc8 Kd7 45. Rh8 h6 46. Kd3 Kc7
47. Kc4 a4 48. Kxb4 axb3 49. Kxb3 Bg5 50. Bxg5 hxg5 51. Rg8 Kb6 52. Rxg7 Kc5
53. Rxg5 Kd4 54. f3 Rb6+ 55. Ka4 Ra6+ 56. Kb5 Rxa2 57. Rg6 Rf2 58. Rf6 1-0

[Event "1st Metropolitan International"]
[Site "Los Angeles"]
[Date "2011.08.17"]
[Round "1"]
[White "Phillips, Jeff"]
[Black "Kretchetov, Alexandre"]
[Result "1/2-1/2"]
[WhiteElo "2071"]
[BlackElo "2340"]
[PlyCount "131"]
[EventDate "2011.08.17"]
[EventType "swiss"]
[EventRounds "9"]
[EventCountry "USA"]
[SourceDate "2011.08.22"]

1. b3 e5 2. Bb2 Nc6 3. e3 a6 4. g3 d5 5. Bg2 Nf6 6. Ne2 Be7 7. d3 O-O 8. Nd2
Be6 9. a3 Qd7 10. h4 Ng4 11. Nf3 Rad8 12. Ng5 Bxg5 13. hxg5 Qe7 14. Qd2 Qxg5
15. f4 Qe7 16. fxe5 Ncxe5 17. O-O-O f6 18. Nf4 Bf7 19. Qe2 f5 20. e4 Ng6 21.
Bf3 Nxf4 22. gxf4 Nf6 23. e5 Ne8 24. Qh2 Bg6 25. Rdg1 Qe6 26. Bh5 c5 27. Bxg6
hxg6 28. Rg5 Rc8 29. d4 c4 30. Kb1 c3 31. Bc1 b5 32. Rhg1 Rc6 33. R1g3 Nc7 34.
Qh3 Qe8 35. Qg2 Qd7 36. Rxg6 Rxg6 37. Rxg6 Ne6 38. Be3 Kf7 39. Rg3 Rh8 40. Rh3
Rxh3 41. Qxh3 Kg6 42. Bf2 Qc6 43. Qg3+ Kf7 44. Qd3 g6 45. Qg3 a5 46. Qh4 Kg8
47. Qh6 Qe8 48. Kc1 Qf7 49. Be3 Qh7 50. Qxh7+ Kxh7 51. Kd1 g5 52. fxg5 f4 53.
Bf2 Kg6 54. Ke2 b4 55. axb4 axb4 56. Kf3 Kxg5 57. Bg1 Kf5 58. Bf2 Nc7 59. Bg1
Nb5 60. Bf2 Nc7 61. Bg1 Ne6 62. Bf2 Ng5+ 63. Ke2 Ke4 64. Bh4 f3+ 65. Kf2 Ne6
66. Be7 1/2-1/2

[Event "1st Metropolitan International"]
[Site "Los Angeles"]
[Date "2011.08.17"]
[Round "1"]
[White "Ravichandran, Siddharth"]
[Black "Kurosaki, Takashi"]
[Result "1-0"]
[WhiteElo "2387"]
[BlackElo "2131"]
[PlyCount "81"]
[EventDate "2011.08.17"]
[EventType "swiss"]
[EventRounds "9"]
[EventCountry "USA"]
[SourceDate "2011.08.22"]

1. e4 c5 2. Nf3 g6 3. c3 Bg7 4. Bc4 Qc7 5. O-O Nc6 6. d4 cxd4 7. cxd4 Nh6 8.
Nc3 O-O 9. Nb5 Qb8 10. d5 a6 11. dxc6 axb5 12. cxd7 Bxd7 13. Bxh6 Bxh6 14.
Bxf7+ Rxf7 15. Qxd7 Bf4 16. Qxb5 Qc7 17. Qb3 Ra6 18. Rad1 Rb6 19. Qc3 Rc6 20.
Qd3 Rd6 21. Qe2 Rc6 22. g3 Bh6 23. Nd4 Rcf6 24. e5 Ra6 25. a3 Bg7 26. f4 e6 27.
Nf3 Bf8 28. Rd2 Rc6 29. Kg2 Rc4 30. Rfd1 Qc6 31. Rd4 Rc2 32. R1d2 Rc1 33. Kh3
Rg7 34. Qe4 Qb5 35. Qd3 Qc6 36. Rd8 h6 37. Qd6 Qxd6 38. exd6 g5 39. fxg5 hxg5
40. Ne5 Rf1 41. d7 1-0

[Event "1st Metropolitan International"]
[Site "Los Angeles"]
[Date "2011.08.17"]
[Round "1"]
[White "Rosen, Eric"]
[Black "Sevillano, Enrico"]
[Result "0-1"]
[WhiteElo "2216"]
[BlackElo "2492"]
[PlyCount "102"]
[EventDate "2011.08.17"]
[EventType "swiss"]
[EventRounds "9"]
[EventCountry "USA"]
[SourceDate "2011.08.22"]

1. c4 e6 2. Nc3 d5 3. d4 c6 4. e3 Bd6 5. Nf3 Nf6 6. Qc2 Nbd7 7. g4 b6 8. g5 Nh5
9. Bd2 Bb7 10. cxd5 exd5 11. Bh3 g6 12. O-O-O O-O 13. Bxd7 Qxd7 14. Ne5 Bxe5
15. dxe5 c5 16. Rhg1 Qe6 17. Ne2 Qxe5 18. Bc3 Qe6 19. Ng3 Nxg3 20. Rxg3 Rfe8
21. b3 Qe4 22. f4 Qxc2+ 23. Kxc2 Re4 24. Be5 Re8 25. Kc3 a5 26. h4 R8xe5 27.
fxe5 Rxh4 28. Rf1 Bc8 29. Rf4 Rh2 30. e4 dxe4 31. Kc4 Bd7 32. Rxe4 Rxa2 33. Re1
Rc2+ 34. Kd5 Rd2+ 35. Kc4 Rd4+ 36. Kc3 Bf5 37. Re2 b5 38. Kb2 c4 39. bxc4 Rxc4
40. Rc3 Rg4 41. Rc5 Rb4+ 42. Kc3 Rb1 43. Rd2 b4+ 44. Kc4 Be6+ 45. Kb5 b3 46.
Kxa5 Rg1 47. Kb6 Rxg5 48. Kc7 Rg4 49. Rb5 h5 50. Kd8 Kf8 51. Rb6 Re4 0-1

[Event "1st Metropolitan International"]
[Site "Los Angeles"]
[Date "2011.08.17"]
[Round "1"]
[White "Ruck, Robert"]
[Black "Wang, Richard"]
[Result "1-0"]
[WhiteElo "2569"]
[BlackElo "2240"]
[PlyCount "73"]
[EventDate "2011.08.17"]
[EventType "swiss"]
[EventRounds "9"]
[EventCountry "USA"]
[SourceDate "2011.08.22"]

1. Nf3 d5 2. d4 Nf6 3. c4 c6 4. Nbd2 Bf5 5. Nh4 Bg6 6. Qb3 Qc7 7. g3 e6 8. Bg2
Nbd7 9. O-O Bd6 10. Nxg6 hxg6 11. Qc2 O-O-O 12. Nf3 dxc4 13. Qxc4 Rh5 14. Ng5
Nb6 15. Qb3 Nh7 16. Ne4 Nf6 17. Nxd6+ Qxd6 18. Rd1 Rb5 19. Qc2 a5 20. b3 Nbd5
21. e4 Nb4 22. Qe2 Qe7 23. Bb2 Kb8 24. Bc3 Nd7 25. Qb2 e5 26. dxe5 Nc5 27.
Rxd8+ Qxd8 28. Bf1 Rb6 29. Bd4 Qe7 30. Rc1 Ncd3 31. Bxd3 Nxd3 32. Qc2 Nxc1 33.
Bxb6 Qb4 34. Be3 Qe1+ 35. Kg2 Ne2 36. Qd3 Kc8 37. Bb6 1-0

[Event "1st Metropolitan International"]
[Site "Los Angeles"]
[Date "2011.08.17"]
[Round "1"]
[White "Sevian, Samuel"]
[Black "Rensch, Daniel"]
[Result "0-1"]
[WhiteElo "2172"]
[BlackElo "2410"]
[PlyCount "90"]
[EventDate "2011.08.17"]
[EventType "swiss"]
[EventRounds "9"]
[EventCountry "USA"]
[SourceDate "2011.08.22"]

1. e4 c5 2. Nf3 d6 3. d4 cxd4 4. Nxd4 Nf6 5. Nc3 a6 6. Be3 e6 7. g4 h5 8. g5
Ng4 9. Bc1 Nc6 10. h3 Nge5 11. Be2 Bd7 12. Be3 b5 13. Nxc6 Bxc6 14. f4 b4 15.
Nd5 Nd7 16. Nxb4 Bxe4 17. Bf3 d5 18. Nd3 Qa5+ 19. Kf2 Rc8 20. Bd4 Qa4 21. c3
Qb5 22. Ne5 Nxe5 23. fxe5 Qxb2+ 24. Qe2 Qxe2+ 25. Kxe2 Bxf3+ 26. Kxf3 Bc5 27.
Rhc1 O-O 28. Ke3 Kh7 29. Kd3 h4 30. Rab1 Kg6 31. Bxc5 Rxc5 32. Rb4 Rh8 33. Rf1
Rhc8 34. Rb3 R8c7 35. Rg1 Rc4 36. Kd2 Re4 37. Rb6 Ra7 38. Rb8 Rxe5 39. Rg4 Rxg5
40. Rxh4 Rc7 41. Ra4 Rg2+ 42. Kd3 Rg3+ 43. Kd2 Rxh3 44. Rb1 Rg3 45. Rxa6 Rcxc3
0-1

[Event "1st Metropolitan International"]
[Site "Los Angeles"]
[Date "2011.08.17"]
[Round "1"]
[White "Tayar, Jonathan"]
[Black "Zepeda, Sonia"]
[Result "1-0"]
[WhiteElo "2335"]
[BlackElo "2068"]
[PlyCount "79"]
[EventDate "2011.08.17"]
[EventType "swiss"]
[EventRounds "9"]
[EventCountry "USA"]
[SourceDate "2011.08.22"]

1. e4 c5 2. Nf3 Nc6 3. Nc3 d6 4. Bc4 Nf6 5. d4 cxd4 6. Nxd4 Qb6 7. Nxc6 bxc6 8.
O-O e5 9. Kh1 Be7 10. f4 Ba6 11. Bxa6 Qxa6 12. b3 O-O 13. Bb2 Rad8 14. Qf3 Nd7
15. Qg3 Bf6 16. f5 Be7 17. Rf3 Nf6 18. Bc1 Kh8 19. Bg5 h6 20. Qh4 Rfe8 21. Raf1
Rd7 22. Bxh6 gxh6 23. Qxh6+ Nh7 24. f6 Bxf6 25. Rxf6 Re6 26. R1f3 Rxf6 27. Rxf6
Qa5 28. Rf3 Qd8 29. Rh3 f6 30. Rg3 d5 31. exd5 cxd5 32. h3 Qe7 33. Qg6 Qf8 34.
h4 f5 35. Qe6 Re7 36. Rg8+ Qxg8 37. Qxe7 Qg3 38. Nxd5 Qe1+ 39. Kh2 Qe4 40.
Qxh7+ 1-0

[Event "1st Metropolitan International"]
[Site "Los Angeles"]
[Date "2011.08.17"]
[Round "1"]
[White "Van Wely, Loek"]
[Black "Melekhina, Alisa"]
[Result "1-0"]
[WhiteElo "2683"]
[BlackElo "2263"]
[PlyCount "91"]
[EventDate "2011.08.17"]
[EventType "swiss"]
[EventRounds "9"]
[EventCountry "USA"]
[SourceDate "2011.08.22"]

1. d4 Nf6 2. c4 g6 3. Nc3 Bg7 4. e4 d6 5. Nf3 O-O 6. Be2 e5 7. O-O Na6 8. Be3
c6 9. d5 Ng4 10. Bg5 f6 11. Bh4 c5 12. Ne1 Nh6 13. a3 Qe8 14. Nd3 f5 15. f3 Nf7
16. b4 Bh6 17. Bf2 b6 18. Rb1 Qe7 19. a4 cxb4 20. Nxb4 Nxb4 21. Rxb4 Bf4 22. a5
bxa5 23. Rb5 Qg5 24. Kh1 Qh6 25. Bg1 a4 26. c5 a3 27. c6 Bd2 28. Rb3 a5 29.
Rxa3 Rb8 30. Qc2 Rb4 31. Rxa5 Bf4 32. Ra8 Rd4 33. Bd3 Ng5 34. Ne2 fxe4 35. fxe4
Nxe4 36. Bxe4 Rd2 37. Qc4 Bxh2 38. Rxf8+ Qxf8 39. Bxh2 Qf1+ 40. Bg1 Rd4 41.
Rxc8+ Kg7 42. Nxd4 Qxc4 43. Ne6+ Kf6 44. Rf8+ Ke7 45. Be3 h6 46. Bxh6 1-0

[Event "1st Metropolitan International"]
[Site "Los Angeles"]
[Date "2011.08.17"]
[Round "1"]
[White "Wang, Philip Xiao"]
[Black "Heiserman, Jimmy"]
[Result "1-0"]
[WhiteElo "2371"]
[BlackElo "2111"]
[PlyCount "109"]
[EventDate "2011.08.17"]
[EventType "swiss"]
[EventRounds "9"]
[EventCountry "USA"]
[SourceDate "2011.08.22"]

1. d4 Nf6 2. c4 g6 3. Nf3 Bg7 4. g3 O-O 5. Bg2 d5 6. cxd5 Nxd5 7. e4 Nb6 8. Nc3
Bg4 9. d5 Qc8 10. h3 Bd7 11. g4 e6 12. O-O exd5 13. exd5 h5 14. Nh2 hxg4 15.
Nxg4 Bxg4 16. hxg4 N8d7 17. f4 f5 18. g5 Re8 19. Rb1 Qd8 20. Kh2 Qe7 21. Nb5
Qc5 22. a4 a6 23. b4 Qc4 24. Na3 Qe2 25. a5 Na4 26. Rb3 Nc3 27. Qxe2 Rxe2 28.
Bb2 Ne4 29. Nc4 Kf7 30. Bxg7 Kxg7 31. Rb2 Rh8+ 32. Kg1 Rxb2 33. Nxb2 Nc3 34.
Kf2 Rh4 35. Nd3 Rh8 36. Rc1 Nb5 37. Re1 Kf7 38. Bf3 Re8 39. Rh1 Kg7 40. Rc1 Re7
41. d6 cxd6 42. Bxb7 Ne5 43. fxe5 Rxb7 44. Rc6 dxe5 45. Nxe5 Re7 46. Rxg6+ Kh7
47. Rh6+ Kg7 48. Nd3 Nd4 49. Rxa6 Re2+ 50. Kf1 Rd2 51. Ne5 f4 52. Rg6+ Kh7 53.
Rf6 Ne2 54. Ke1 Rb2 55. Nd3 1-0

[Event "1st Metropolitan International"]
[Site "Los Angeles"]
[Date "2011.08.18"]
[Round "2"]
[White "Adams, Michael"]
[Black "Hafizulhilmi, Mas"]
[Result "1-0"]
[WhiteElo "2715"]
[BlackElo "2416"]
[PlyCount "55"]
[EventDate "2011.08.17"]
[EventType "swiss"]
[EventRounds "9"]
[EventCountry "USA"]
[SourceDate "2011.08.22"]

1. e4 c5 2. Nf3 d6 3. d4 cxd4 4. Nxd4 Nf6 5. Nc3 a6 6. h3 Nc6 7. g4 e6 8. Bg2
Qc7 9. f4 Nd7 10. Be3 Na5 11. O-O Be7 12. Kh1 O-O 13. f5 Ne5 14. g5 Re8 15. f6
Bf8 16. fxg7 Bxg7 17. Nce2 Nac4 18. Bc1 Ng6 19. Ng3 Qc5 20. c3 Nh4 21. Qh5 Ng6
22. Qe2 Nh4 23. Nh5 Nxg2 24. Qxg2 Rf8 25. Qg3 b5 26. Qh4 Kh8 27. Nxg7 Kxg7 28.
g6 1-0

[Event "1st Metropolitan International"]
[Site "Los Angeles"]
[Date "2011.08.18"]
[Round "2"]
[White "Adamson, Robby"]
[Black "Phillips, Jeff"]
[Result "1-0"]
[WhiteElo "2324"]
[BlackElo "2071"]
[PlyCount "50"]
[EventDate "2011.08.17"]
[EventType "swiss"]
[EventRounds "9"]
[EventCountry "USA"]
[SourceDate "2011.08.22"]

1. e4 g6 2. d4 Bg7 3. Nc3 c6 4. Nf3 d5 5. h3 Nf6 6. Bd3 dxe4 7. Nxe4 Nxe4 8.
Bxe4 Bf5 9. Bxf5 Qa5+ 10. c3 Qxf5 11. O-O Nd7 12. Re1 e6 13. Qb3 O-O-O 14. c4
Rhe8 15. Qa3 Kb8 16. g4 Qc2 17. Bf4+ e5 18. Rac1 Bf8 19. c5 Qxc1 20. Bxc1 exd4
21. Bf4+ Ka8 22. Rxe8 Rxe8 23. b4 Re4 24. Bg3 f5 25. gxf5 gxf5 1-0

[Event "1st Metropolitan International"]
[Site "Los Angeles"]
[Date "2011.08.18"]
[Round "2"]
[White "Akopyan, Harutyun"]
[Black "Mateer, Amanda"]
[Result "1-0"]
[WhiteElo "2213"]
[BlackElo "2096"]
[PlyCount "75"]
[EventDate "2011.08.17"]
[EventType "swiss"]
[EventRounds "9"]
[EventCountry "USA"]
[SourceDate "2011.08.22"]

1. e4 c5 2. Nc3 e6 3. f4 a6 4. g3 b5 5. Bg2 Bb7 6. d3 Nf6 7. Nf3 d6 8. O-O Be7
9. b3 O-O 10. h3 Qc7 11. g4 Nc6 12. Ne2 Rac8 13. Ng3 Nd7 14. c4 Bf6 15. Rb1 Nd4
16. Nxd4 Bxd4+ 17. Kh1 d5 18. cxd5 exd5 19. Nf5 Bf6 20. e5 Bd8 21. Nd6 Rb8 22.
Nxb7 Qxb7 23. Qf3 Nb6 24. f5 Qe7 25. f6 Qe6 26. fxg7 Kxg7 27. Bf4 Rc8 28. g5
Kh8 29. h4 Rc6 30. Rb2 Bc7 31. Bh3 Qg6 32. h5 Qg7 33. Re2 c4 34. bxc4 bxc4 35.
d4 Bd8 36. e6 f6 37. gxf6 Bxf6 38. Be5 1-0

[Event "1st Metropolitan International"]
[Site "Los Angeles"]
[Date "2011.08.28"]
[Round "2"]
[White "Amanov, Zhanibek"]
[Black "Marmont, Benjamin"]
[Result "1-0"]
[WhiteElo "2382"]
[BlackElo "2154"]
[PlyCount "45"]
[EventDate "2011.08.17"]
[EventType "swiss"]
[EventRounds "9"]
[EventCountry "USA"]
[SourceDate "2011.08.22"]

1. Nf3 c5 2. e4 d6 3. d4 cxd4 4. Nxd4 Nf6 5. Nc3 a6 6. Bc4 e6 7. Bb3 b5 8. O-O
Be7 9. Qf3 Qb6 10. Be3 Qb7 11. Qg3 Nbd7 12. Rad1 b4 13. Nf5 exf5 14. Qxg7 Rf8
15. Nd5 f4 16. Nxe7 fxe3 17. Nf5 e2 18. Nxd6+ Ke7 19. Nxb7 exf1=Q+ 20. Kxf1
Bxb7 21. Qg5 Bxe4 22. Rxd7+ Kxd7 23. Qxf6 1-0

[Event "1st Metropolitan International"]
[Site "Los Angeles"]
[Date "2011.08.18"]
[Round "2"]
[White "Anderson, Michael"]
[Black "Milisits, Ryan"]
[Result "0-1"]
[WhiteElo "1900"]
[BlackElo "2203"]
[PlyCount "33"]
[EventDate "2011.08.17"]
[EventType "swiss"]
[EventRounds "9"]
[EventCountry "USA"]
[SourceDate "2011.08.22"]

1. e4 c5 2. c3 e6 3. Nf3 d5 4. exd5 exd5 5. d4 Nf6 6. Be2 Nc6 7. O-O Bd6 8. Re1
Ne4 9. c4 Nxd4 10. Nc3 O-O 11. Nxd5 Nxf3+ 12. Bxf3 Bxh2+ 13. Kf1 Nxf2 14. Qe2
Nh1 15. Ne7+ Kh8 16. Rd1 Ng3+ 17. Kf2 0-1

[Event "1st Metropolitan International"]
[Site "Los Angeles"]
[Date "2011.08.18"]
[Round "2"]
[White "Banawa, Joel"]
[Black "Amanov, Mesgen"]
[Result "1/2-1/2"]
[WhiteElo "2374"]
[BlackElo "2544"]
[PlyCount "56"]
[EventDate "2011.08.17"]
[EventType "swiss"]
[EventRounds "9"]
[EventCountry "USA"]
[SourceDate "2011.08.22"]

1. c4 e6 2. Nf3 Nf6 3. g3 d5 4. d4 dxc4 5. Bg2 a6 6. O-O Nc6 7. Nc3 Rb8 8. e4
Be7 9. d5 Nb4 10. Ne5 exd5 11. exd5 Bf5 12. a3 Nd3 13. Nxc4 Nxc1 14. Rxc1 O-O
15. Qd4 Re8 16. Rfe1 Bf8 17. h3 Bg6 18. Kh2 Rxe1 19. Rxe1 Nd7 20. b4 Qf6 21.
Qxf6 Nxf6 22. f4 Re8 23. Rxe8 Nxe8 24. d6 Nxd6 25. Nxd6 Bxd6 26. Bxb7 Bd3 27.
Ne4 Bxe4 28. Bxe4 c5 1/2-1/2

[Event "1st Metropolitan International"]
[Site "Los Angeles"]
[Date "2011.08.18"]
[Round "2"]
[White "Barnett, Alex"]
[Black "Sevian, Samuel"]
[Result "0-1"]
[WhiteElo "2254"]
[BlackElo "2172"]
[PlyCount "40"]
[EventDate "2011.08.17"]
[EventType "swiss"]
[EventRounds "9"]
[EventCountry "USA"]
[SourceDate "2011.08.22"]

1. e4 e5 2. Nf3 Nc6 3. Bb5 a6 4. Ba4 Nf6 5. O-O Be7 6. Re1 b5 7. Bb3 O-O 8. h3
Bb7 9. c3 d5 10. exd5 Nxd5 11. d4 exd4 12. Nxd4 Nxd4 13. Qxd4 c5 14. Qg4 Nf6
15. Qf5 g6 16. Qf4 Bd6 17. Qh6 Re8 18. Be3 c4 19. Bc2 Nd5 20. Na3 Rxe3 0-1

[Event "1st Metropolitan International"]
[Site "Los Angeles"]
[Date "2011.08.18"]
[Round "2"]
[White "Bojkov, Dejan"]
[Black "Wang, Philip Xiao"]
[Result "1/2-1/2"]
[WhiteElo "2544"]
[BlackElo "2371"]
[PlyCount "106"]
[EventDate "2011.08.17"]
[EventType "swiss"]
[EventRounds "9"]
[EventCountry "USA"]
[SourceDate "2011.08.22"]

1. e4 c5 2. Nf3 Nc6 3. Bb5 g6 4. Bxc6 dxc6 5. d3 Bg7 6. h3 Nf6 7. Nc3 Nd7 8.
Be3 e5 9. Qd2 Qe7 10. Bh6 f6 11. Bxg7 Qxg7 12. a3 Nf8 13. b4 Ne6 14. O-O g5 15.
bxc5 g4 16. Nh4 gxh3 17. g3 Nxc5 18. d4 Qg5 19. Rad1 Qxd2 20. Rxd2 exd4 21.
Rxd4 Be6 22. Rfd1 Ke7 23. f4 Rad8 24. f5 Rxd4 25. Rxd4 Bf7 26. Kh2 Rd8 27. Rxd8
Kxd8 28. Kxh3 b5 29. Kg4 a5 30. Kf4 b4 31. axb4 axb4 32. Ne2 Nd7 33. Nf3 c5 34.
e5 fxe5+ 35. Nxe5 Nxe5 36. Kxe5 Ke7 37. g4 h6 38. Ng3 c4 39. Kd4 b3 40. cxb3
cxb3 41. Kc3 Bd5 42. Nh5 Bf3 43. Kxb3 Bxg4 44. Ng3 Kf6 45. Kc3 Kg5 46. Kd2 Kf4
47. f6 Be6 48. Ne2+ Kg4 49. Ke3 Bd5 50. Kf2 h5 51. Kg1 Kf3 52. Nc3 Bf7 53. Nb5
Kf4 1/2-1/2

[Event "1st Metropolitan International"]
[Site "Los Angeles"]
[Date "2011.08.18"]
[Round "2"]
[White "Chen, Howard Jed"]
[Black "Akopian, Robert"]
[Result "1-0"]
[WhiteElo "2293"]
[BlackElo "2047"]
[PlyCount "115"]
[EventDate "2011.08.17"]
[EventType "swiss"]
[EventRounds "9"]
[EventCountry "USA"]
[SourceDate "2011.08.22"]

1. d4 Nf6 2. Nf3 e6 3. e3 c5 4. Bd3 Be7 5. O-O cxd4 6. exd4 b6 7. c4 O-O 8. Nc3
d5 9. Re1 dxc4 10. Bxc4 Bb7 11. Bg5 Nbd7 12. a3 a6 13. Ba2 b5 14. Rc1 Nb6 15.
Qd3 Nbd5 16. Bb1 g6 17. Ne2 Rc8 18. Ne5 Rxc1 19. Rxc1 Nd7 20. Bh6 Nxe5 21. dxe5
Bg5 22. Bxf8 Bxc1 23. Nxc1 Kxf8 24. Qd2 Qh4 25. Nd3 Qd4 26. Qc1 Kg7 27. Qc5 Qe4
28. f3 Qh4 29. Qf2 Qc4 30. Qc5 Qh4 31. Qa7 Nf4 32. g3 Ne2+ 33. Kg2 Qd4 34. Qxd4
Nxd4 35. Ne1 a5 36. Kf2 f6 37. exf6+ Kxf6 38. Ke3 e5 39. Be4 Bxe4 40. Kxe4 Ke6
41. Nd3 Nc6 42. h4 Kd6 43. g4 h6 44. Nf2 Kc5 45. Nd3+ Kd6 46. b3 b4 47. a4 g5
48. hxg5 hxg5 49. Nb2 Ke6 50. Nc4 Kf6 51. Kd5 Nd4 52. Nxa5 Nxf3 53. Nc6 e4 54.
Kxe4 Nd2+ 55. Kd5 Nxb3 56. a5 Nc5 57. Kxc5 b3 58. Nb4 1-0

[Event "1st Metropolitan International"]
[Site "Los Angeles"]
[Date "2011.08.18"]
[Round "2"]
[White "Gareev, Timur"]
[Black "Lee, Michael"]
[Result "1-0"]
[WhiteElo "2613"]
[BlackElo "2395"]
[PlyCount "189"]
[EventDate "2011.08.17"]
[EventType "swiss"]
[EventRounds "9"]
[EventCountry "USA"]
[SourceDate "2011.08.22"]

1. d4 Nf6 2. c4 c5 3. d5 b5 4. cxb5 a6 5. b6 e6 6. Nc3 Nxd5 7. Nxd5 exd5 8.
Qxd5 Nc6 9. Nf3 Rb8 10. e4 Be7 11. Bc4 O-O 12. Bd2 Rxb6 13. O-O d6 14. Bc3 Be6
15. Qd3 Nb4 16. Qe2 Bxc4 17. Qxc4 d5 18. exd5 Qxd5 19. Ne5 Re6 20. Rfd1 Qxc4
21. Nxc4 Bf6 22. Kf1 Nc2 23. Rac1 Nd4 24. Bd2 Ne2 25. Rb1 Nd4 26. Be3 Rc8 27.
Rbc1 Nf5 28. Rd5 Nxe3+ 29. fxe3 g6 30. Rcd1 Rcc6 31. Ke2 Be7 32. Rd7 Re4 33. b3
Rce6 34. Kf3 f5 35. Ra7 g5 36. g3 Kg7 37. Rad7 Kg6 38. R1d3 h5 39. R7d5 h4 40.
Nd2 hxg3 41. hxg3 Rb4 42. Nc4 Kf6 43. Rd7 Rb8 44. R3d5 Rh8 45. Kg2 Rb8 46. Rd2
Rf8 47. R7d5 Re4 48. Rf2 Ke6 49. Rd1 f4 50. Rdf1 fxe3 51. Rxf8 e2 52. Ra8
exf1=Q+ 53. Kxf1 Kd5 54. Rxa6 Kd4 55. Kf2 Kd3 56. g4 Kc3 57. Kf3 Rf4+ 58. Kg3
Rd4 59. Re6 Bd8 60. Rc6 Kb4 61. Rc8 Bf6 62. Rb8+ Kc3 63. Rf8 Bd8 64. Rf5 Kb4
65. Rf7 Rd3+ 66. Kf2 Rd4 67. Kf3 Rd3+ 68. Kf2 Rd4 69. Kg3 Rd3+ 70. Rf3 Rd4 71.
Kh3 Bc7 72. Rf7 Bf4 73. Rb7+ Kc3 74. a4 Rd1 75. Kg2 Ra1 76. a5 Kd4 77. Kf3 Kd5
78. Rb6 Bc7 79. Rg6 Rb1 80. Ne3+ Kd4 81. Rxg5 Be5 82. Rg8 Rxb3 83. Rd8+ Kc3 84.
Ke4 Bd4 85. a6 Ra3 86. Rd6 Ra1 87. Nf5 Kb4 88. Rc6 Bg1 89. Kf3 Kc4 90. g5 Kb5
91. Re6 Bh2 92. g6 Rf1+ 93. Ke2 Rxf5 94. g7 Rg5 95. a7 1-0